000 00696nam a2200241 i 4500
001 C2-0303959
003 PPAK
005 20180728084945.0
008 100414s1986 my a|||| ||||| | may d
022 _a0127-1857
040 _aPPAK
_beng
_cPPAK
_erda
082 0 4 _a959.5005
_223
090 0 0 _a959.5005
_bPUR
_dKLB
245 0 0 _aPurba:
_bJurnal Persatuan Muzium Malaysia
264 1 _aKuala Lumpur :
_bPersatuan Muzium Malaysia ,
_c1986
300 _aviii. 112 pages :
_billustrations ;
_c25 cm
336 _2rdacontent
_atext
337 _2rdamedia
_aunmediated
338 _2rdacarrier
_avolume
500 _aBi. 5, 1986
650 1 0 _aMalaysia - History - Periodicals
942 _ddc
_cB
999 _c107162
_d107162